A commentary on the Holy Bible; vol. 3. (Record no. 1465)

000 -LEADER
fixed length control field 00553nam a2200181 a 4500
001 - CONTROL NUMBER
control field :::00017650$&:&@@
003 - CONTROL NUMBER IDENTIFIER
control field OkBaRHE
005 - DATE AND TIME OF LATEST TRANSACTION
control field 20100326164741.0
008 - FIXED-LENGTH DATA ELEMENTS--GENERAL INFORMATION
fixed length control field j 000 0 eng u
040 ## - CATALOGING SOURCE
Transcribing agency
100 1# - MAIN ENTRY--PERSONAL NAME
Personal name Poole, Matthew.
245 12 - TITLE STATEMENT
Title A commentary on the Holy Bible; vol. 3.
260 ## - PUBLICATION, DISTRIBUTION, ETC. (IMPRINT)
Place of publication, distribution, etc Mclean, VA., :
Name of publisher, distributor, etc Macdonald Publishing Company
300 ## - PHYSICAL DESCRIPTION
Extent v. <1-3> ;
Dimensions 24 cm.
650 ## - SUBJECT ADDED ENTRY--TOPICAL TERM
Topical term or geographic name as entry element Bible
General subdivision Commentaries
942 ## - ADDED ENTRY ELEMENTS (KOHA)
Source of classification or shelving scheme
Koha item type Books
Copies
Permanent Location Not for loan Copy number Barcode Price effective from Damaged status Withdrawn status Source of classification or shelving scheme Shelving location Full call number Koha item type Lost status Date acquired Date last seen Collection code
RHEMA Bible Training College 1176502010-04-14   General StacksBS 491 .P7Books 2010-04-142010-04-14Reference